ბათუმის შოთა რუსთაველის სახელმწიფო უნივერსიტეტის ბიბლიოთეკა

First Aid Manual. (ბიბ.ჩანაწერი № 46917)

000 -LEADER
fixed length control field 00626nam a2200205Ia 4500
001 - CONTROL NUMBER
control field 13770
003 - CONTROL NUMBER IDENTIFIER
control field GE_BSU
008 - FIXED-LENGTH DATA ELEMENTS--GENERAL INFORMATION
fixed length control field 181216s||||||||xx |||||||||||||| ||und||
020 ## - INTERNATIONAL STANDARD BOOK NUMBER
International Standard Book Number 0751337048
040 ## - CATALOGING SOURCE
Transcribing agency GE_BSU
080 ## - UNIVERSAL DECIMAL CLASSIFICATION NUMBER
Universal Decimal Classification number 614.8
245 ## - TITLE STATEMENT
Title First Aid Manual.
245 #4 - TITLE STATEMENT
Remainder of title The Authorised Manual of St. John Ambulance, St. Andrew's Ambulance Association,and the British Red Cross.
260 ## - PUBLICATION, DISTRIBUTION, ETC.
Place of publication, distribution, etc. London.
260 ## - PUBLICATION, DISTRIBUTION, ETC.
Date of publication, distribution, etc. 2002
300 ## - PHYSICAL DESCRIPTION
Extent 288p;21cm.
300 ## - PHYSICAL DESCRIPTION
Other physical details ill.
653 ## - INDEX TERM--UNCONTROLLED
Uncontrolled term First Aid Manual.The Authorised Manual of St. John Ambulance, St. Andrew's Ambulance Association,and the British Red Cross.
942 ## - ADDED ENTRY ELEMENTS (KOHA)
Koha item type წიგნი
ეგზემპლარები
Withdrawn status Lost status Damaged status Not for loan Date acquired Barcode Date last seen Price effective from Koha item type
        2018-12-17 36888 2018-12-17 2018-12-17 წიგნი